| 000 | 00723nam a2200253Ia 4500 | ||
|---|---|---|---|
| 003 | OSt | ||
| 005 | 20220924114424.0 | ||
| 006 | a|||||r|||| 00| 0 | ||
| 007 | ta | ||
| 008 | 220923b |||||||| |||| 00| 0 per d | ||
| 024 | _a44313 | ||
| 037 | _cTextual | ||
| 040 |
_aARTS _cARTS _bper |
||
| 041 |
_2per _aper |
||
| 082 | _aO164v2.J, 111L0 | ||
| 100 |
_aRahman M L _9173462 |
||
| 245 | 0 | _aPersian literature in india during the time of Jahangir and Shah Jahan | |
| 260 |
_aBaroda _bM S University of Barida _c1970 |
||
| 300 |
_aix,203p. _ccm. |
||
| 500 | _aBib 181-203p | ||
| 650 |
_aPERSIAN LITERATURE _9309 |
||
| 942 |
_hO164v2.J, 111L0 _cTEXL _2CC |
||
| 999 |
_c393481 _d393481 |
||